| 000 | 00340nam a22001337a 4500 | ||
|---|---|---|---|
| 008 | 170925b xxu||||| |||| 00| 0 eng d | ||
| 020 | _a9781555426903 | ||
| 041 | _aeng | ||
| 080 | _a37 | ||
| 100 | _a46 | ||
| 101 | _aEDU | ||
| 245 |
_aIMPORTANT LESSONS FROM INNOVATIVE COLLEGES AND UNIVERSITY _cCARDOZIER.V.R |
||
| 942 |
_2udc _cBK |
||
| 999 |
_c29472 _d29472 |
||